000 00872nam a22002897a 4500
001 16786
003 DO-SdBPM
005 20250107121058.0
007 16786
008 880509s1987 sp spa
020 _a844020017X (vol.2)
040 _aDO-SdBPM
_bspa
_cBPMSU
082 4 _a843.8
_bV531J 1987
_222
092 _a843.8
_bV531n
100 1 _aVerne, Julio,
_d1828-1905
240 1 0 _aNorte contre sud.
_lEspañol
245 1 0 _aJulio Verne :
_bNorte contra Sur /
_cJulio Verne ; traducción, D.F. Soldevilla
260 _aBarcelona :
_bOrbis,
_c1987
300 _a2 v. :
_bil. ;
_c20 cm
490 0 _aJulio Verne,
_v43/44
590 _aInventariado, 2025/VM
650 4 _aNovela juvenil francesa
650 4 _aLiteratura juvenil francesa
_ySiglo XIX
700 1 _aSoldevilla, D. F.
_etraductor
910 _aVMateo V. Control de calidad. BPMSU
942 _2ddc
_cBK
999 _c8854
_d8854